000 003170000a22000970004500
100 1 _aBorjas Borjas, Beatriz
245 1 0 _aHacia una lectura de los quinientos años de la conquista desde la perspectiva de género
300 _aVol. 11, Num. 1 (Junio, 1991), Páginas 55-61
773 0 _tVida y pensamiento
942 _cANA
999 _c53009
_d53009